Cereální chemie a technologie 1. (Skladování obilí a mlynářství)

Guardado en:
Detalles Bibliográficos
Autor principal: Hampl, Jan, 1895-1970
Formato: Libro
Lenguaje:lengua desconocida
Publicado: Praha VŠCHT 1988
Acceso en línea:Ver en el OPAC
Etiquetas: Agregar Etiqueta
Sin Etiquetas, Sea el primero en etiquetar este registro!

MARC

LEADER 00000nam a2200000 a 4500
005 20260127134322.0
008 970425s1988 xx 0 und c
035 |a vtls001284931 
035 |a SNK000236438 
039 9 |a 201605131206  |b AUTHORITY  |c 200511101215  |d mschk03  |y 200412271507  |z VLOAD 
040 |a SNK  |b slo  |c SNK  |d STUSCHK1  |e AACR2 
100 1 |a Hampl, Jan,  |d 1895-1970  |9 283 
245 1 |a Cereální chemie a technologie 1.  |b (Skladování obilí a mlynářství) 
260 |a Praha  |b VŠCHT  |c 1988 
300 |a 241 s. 
910 |a SCHK95 
999 |c 9691  |d 9691 
942 0 0 |0 3